U.S. States With The Highest Minimum Wage - Statistics

General Stats
  • This quiz has been taken 28 times
  • The average score is 6 of 10
Answer Stats
Minimum Wage Answer % Correct
$16.50 California
88%
$16.50 New York
88%
$16.66 Washington
81%
$15.00 Illinois
62%
$15.00 Massachusetts
58%
$15.00 Rhode Island
54%
$16.35 Connecticut
46%
$15.49 New Jersey
46%
$15.00 Maryland
42%
$15.00 Delaware
27%
No matching quizzes found
Score Distribution
Percent of People with Each Score
Percentile by Number Answered
Your Score History
You have not taken this quiz